000 00842nam a2200193Ii 4500
003 JO-AjNU
008 230605s9999||||xx |||||||||||||| ||und||
040 _aJO-AjNU
_bara
_erda
_cJO-AjNU
041 _aara
050 1 4 _aBP188.14
100 3 _aالبربري، عبد العاطي إبراهيم,
_eauthor
_918720
245 0 0 _aآكلي لحوم البشر: آفات اللسان الغيبة والنميمة والكذب وذو الوجهين
264 3 1 _aد.م: دار الياقوت للطباعة والنشر والتوزيع، د.ت
300 _a123ص
336 _atext
_btxt
_2rdacontent
337 _aunmediated
_bn
_2rdamedia
338 _avolume
_bnc
_2rdacarrier
650 4 _aالدعوة الاسلامية- الوعظ والارشاد- الامر بالمعروف والنهي عن المنكر- آفات اللسان
_918721
999 _aA6041
_c9609
_d9609